MARC details
| 000 -CABECERA |
| campo de control de longitud fija |
05999cam a2200313 i 4500 |
| 001 - NÚMERO DE CONTROL |
| campo de control |
a16417815 |
| 003 - IDENTIFICADOR DEL NÚMERO DE CONTROL |
| campo de control |
SIRSI |
| 005 - FECHA Y HORA DE LA ÚLTIMA TRANSACCIÓN |
| campo de control |
20250325141144.0 |
| 008 - DATOS DE LONGITUD FIJA--INFORMACIÓN GENERAL |
| campo de control de longitud fija |
150316s2015 enka b 001 0 eng |
| 010 ## - NÚMERO DE CONTROL DE LA BIBLIOTECA DEL CONGRESO |
| Número de control de LC |
2015008794 |
| 020 ## - NÚMERO INTERNACIONAL ESTÁNDAR DEL LIBRO |
| Número Internacional Estándar del Libro |
9780749470036 |
| Información calificativa |
(paperback) |
| 035 ## - NÚMERO DE CONTROL DEL SISTEMA |
| Número de control de sistema |
HA10197578 |
| 035 ## - NÚMERO DE CONTROL DEL SISTEMA |
| Número de control de sistema |
(OCoLC)905541715 |
| 040 ## - FUENTE DE LA CATALOGACIÓN |
| Centro catalogador/agencia de origen |
DLC |
| Lengua de catalogación |
eng |
| Normas de descripción |
rda |
| Centro/agencia transcriptor |
DLC |
| Centro/agencia modificador |
YDX |
| -- |
CDX |
| -- |
YDXCP |
| -- |
OCLCF |
| -- |
UtOrBLW |
| 042 ## - CÃDIGO DE AUTENTICACIÃN |
| Código de autenticación |
pcc |
| 049 ## - FONDOS LOCALES (OCLC) |
| Fondos de biblioteca |
UPMM |
| 050 00 - SIGNATURA TOPOGRÁFICA DE LA BIBLIOTECA DEL CONGRESO |
| Número de clasificación |
HF5415.1255 |
| Número de documento/Ítem |
.S392 2015 |
| 100 ## - ENTRADA PRINCIPAL--NOMBRE DE PERSONA |
| Nombre de persona |
Schaefer, Wolfgang, |
| 9 (RLIN) |
25015 |
| 245 10 - MENCIÓN DE TÍTULO |
| Título |
Rethinking prestige branding |
| Resto del título |
: secrets of the Ueber-Brands |
| Mención de responsabilidad, etc. |
/ Wolfgang Schaefer and J.P. Kuehlwein. |
| 264 #1 - PRODUCCIÓN, PUBLICACIÓN, DISTRIBUCIÓN, FABRICACIÓN Y COPYRIGHT |
| Producción, publicación, distribución, fabricación y copyright |
London ; |
| -- |
Philadelphia : |
| Nombre del de productor, editor, distribuidor, fabricante |
Kogan Page, |
| Fecha de producción, publicación, distribución, fabricación o copyright |
2015. |
| 300 ## - DESCRIPCIÓN FÍSICA |
| Extensión |
xiv, 254 pages : |
| Otras características físicas |
color illustrations ; |
| Dimensiones |
24 cm |
| 504 ## - NOTA DE BIBLIOGRAFÍA, ETC. |
| Nota de bibliografía, etc. |
Includes bibliographical references and index. |
| 505 8# - NOTA DE CONTENIDO CON FORMATO |
| Nota de contenido con formato |
Preface, or what do a red bull and a grey goose have in common? — <br/>PART ONE Rethinking prestige branding — <br/>The times they are a-changing — Where's the magic? — Culture, commerce — unite! — Capitalism, evolved — Consumerism, re-rooted — The limits of money — The importance of knowledge — The age of transparency — One in a million — Together apart<br/>From marker to myth — a brief history of branding — Brand as quality guarantor — Brand as badge — Brand as building block — Brand as medium — Brand as myth — <br/>A new kind of prestige — or what we mean by Ueber-Brands — Ueber-Brands: three key dimensions, one stellar position — Ueber-Brands: an old term of new-found relevance — <br/>PART TWO Seven secrets of Ueber-Brands — It's practical — but also conversational — It's 'numerological' — how else to explain there are seven? — It's symmetrical — with myth in the middle — <br/>Principle 1: Mission incomparable — the first rule is to make your own — Apart. Ahead. Above. — Mission route 1: Noblesse Oblige, or the price of greatness — Our shift to a BoBo culture — Mission route 2: Reinvention, the little brother of responsibility — Quod licet jovi, non licet bovi — Principle 1: The rules for a mission incomparable — Ueber-Brand case study 1: Patagonia: The meaningful exploration of nature — <br/>Principle 2: Longing versus belonging — the challenge is both — The power of the velvet rope — Velvet roping 1: Reaching high to win up — Designing an Ueber-Target — Longing and belonging online — Velvet roping 2: Laying low to stay up — Principle 2: The rules of longing and belonging — Ueber-Brand case study 2: Red Bull: Longing to have wings — <br/>Principle 3: Un-selling — the superiority of seduction — Of pride and provocation — How Ueber-Brands turn celebrity endorsements on their head — Avert the overt — It's an art — Walk the talk — Principle 3: The rules of 'Un-selling' — Ueber-Brand case study 3: — 75; sop: Un-selling beauty — <br/>Principle 4: From myth to meaning — the best way up is to go deep — The power of storytelling — Myths as Ueber-Stories — Making myths: what to respect — Seven steps to heaven — Principle 4: The rules of 'from myth to meaning' — Ueber-Brand case study 4: MINI — longing to 'motor' — <br/>Principle 5: Behold! — the product as manifestation — The product as essence — Yuan Soap — A story of 'essene' — Make it a holy grail — Inspiring the modern romantics — Make it unmistakable — Make it the centre of attention — Principle 5: The rules to 'behold' — Ueber-Brand case study 5: Nespresso: Coffee as crema de la crème — <br/>Principle 6: Living the dream — the bubble shall never burst — Nothing is as volatile as a dream — Of gods and masters: the question of leadership — Together apart — The concept of ring-fencing — Radiating inside out: it all starts with the culture — The world according to you — Principle 6: The rules of 'living the dream' — Ueber-Brand case study 6: Living it like Brunello Cucinelli or the Freitag brothers — <br/>Principle 7: Growth without end — the ultimate balancing act — Star power — it's a matter of balance — A different trajectory — Grow with gravitas — the ideal, but not always real — Grow back — the way of the rose as royal privilege — Grow sideways — the most popular alternative to drive profit — Grow up — the golden route to balance expansion — Grow with passion — the need to stick to your Ueber-Target — Growing without showing — the advantage of the web — Principle 7: The rules to 'growth without end' — Ueber-Brand case study 7: Hermès and his offspring — <br/>Instead of a summary: 77+ questions — Bibliography — Index. |
| 520 ## - SUMARIO, ETC. |
| Sumario, etc. |
What makes someone covet a Kelly bag? Why are Cirque Du Soleil or Grey Goose so successful despite breaking all the conventions of their categories? What does Gucci's approach to marketing have in common with Nespresso's? And why do some people pay a relative fortune for Renova toilet paper or Aesop detergent even though they hardly ever 'advertise' and seem to have none of the 'functional performance advantages' conventional marketers would seek to demonstrate? Prestige brand experts JP Kuehlwein and Wolfgang Schaefer have dedicated themselves to studying what drives the success of prestige brands. Rethinking Prestige Branding collects their insights.<br/><br/>Uncovering the secrets of why and how some brands are created more equal than others, Rethinking Prestige Branding includes over 100 case studies from Apple and Abercrombie & Fitch to Tate Modern and Tesla. Rather than re-telling brand success stories or re-hashing long-standing marketing principles, it takes readers on a colourful journey behind the scenes of today's marketing pros. This book will fascinate marketing professional just as much as those who are simply curious as to how premium brands tick. |
| Fuente proveedora |
Provided by publisher. |
| 650 #0 - PUNTO DE ACCESO ADICIONAL DE MATERIA--TÉRMINO DE MATERIA |
| Término de materia o nombre geográfico como elemento de entrada |
Branding (Marketing) |
| 9 (RLIN) |
6284 |
| 650 #0 - PUNTO DE ACCESO ADICIONAL DE MATERIA--TÉRMINO DE MATERIA |
| Término de materia o nombre geográfico como elemento de entrada |
Brand name products |
| 9 (RLIN) |
2371 |
| 700 ## - ENTRADA AGREGADA--NOMBRE PERSONAL |
| Nombre de persona |
Kuehlwein, J. P., |
| 9 (RLIN) |
25016 |
| 942 ## - ELEMENTOS DE ENTRADA AGREGADA (KOHA) |
| Fuente del sistema de clasificación o colocación |
Clasificación de Library of Congress |